[Event "Reykjavik op"]
[Site "Reykjavik"]
[Date "1996.??.??"]
[Round "8"]
[White "Nikolic, Predrag"]
[Black "Tisdall, Jonathan D"]
[Result "1-0"]
[WhiteElo "2645"]
[BlackElo "2510"]
[Annotator "Tisdall,J"]
[PlyCount "55"]
[EventDate "1996.03.??"]
[EventType "swiss"]
[EventRounds "9"]
[EventCountry "ISL"]
[SourceTitle "CBM 052"]
[Source "ChessBase"]
[SourceDate "1996.06.01"]
[SourceVersion "1"]
[SourceVersionDate "1996.06.01"]
[SourceQuality "1"]

1. d4 {Ftacnik} d5 2. c4 c6 3. Nc3 Nf6 4. Nf3 e6 5. e3 Nbd7 6. Be2 {A rather
uncommon move. I had some vague memories that one idea was to answer ...dxc4
with a4, but then ...c5 steers play into the Queen's Gambit Accepted. Since
this is in Nikolic's repertoire, this might have been a satisfactory
transposition for him.} Bd6 7. O-O O-O 8. b3 {By leaving out Qc2 white puts
less pressure on black, who does not have to watch out for e4 yet.} Qe7 (8...
b6 {was perhaps the most flexible.}) 9. Bb2 b6 10. Qc2 Bb7 11. e4 Nxe4 12. Nxe4
dxe4 13. Qxe4 f5 $1 {This seems to be very strong here - the e4 square gives
black active play and white has surprising difficulty in keeping e5 profitably
under control.} 14. Qe3 (14. Qh4 {is more prudent. I intended} c5 $1 (14...
Qxh4 15. Nxh4 c5 {is less accurate since it allows white the favorable exchange
} 16. Bf3) 15. Qxe7 (15. Rad1 {Ftacnik} Rad8 16. dxc5 Qxh4 17. Nxh4 Nxc5 18.
Nf3 Be7 19. Ne5 Rfe8 20. Rxd8 Rxd8 21. Rd1 Rxd1+ 22. Bxd1 Kf8 23. b4 Ne4 24. f3
Nd2 25. Bc3 Bd6 26. c5 Bxe5 27. Bxe5 Nc4 28. Bb8 {1/2-1/2 Huebner,R-Wolff,P/
Biel izt (07)/1993/ (59)}) 15... Bxe7 16. dxc5 Nxc5 17. Rfd1 Rad8 {with
comfortable play for black.}) 14... c5 {This position seems better for black -
his pieces are more actively placed and there are many ways to liberate the
center.} 15. Rad1 (15. Ne5 $4 cxd4 16. Bxd4 f4 17. Qc3 Bxe5 18. Bxe5 Qg5) 15...
Rad8 16. dxc5 (16. Ng5 Rde8 {and white will waste more time with the knight
than black with his rook.} (16... Rfe8 $5 {Nikolic})) 16... Bxc5 (16... Nxc5 {
Ftacnik} 17. Ne5 f4 $132) 17. Qg5 {Now white is eager to trade to relieve the
pressure, but black does not cooperate (yet).} Nf6 (17... Qxg5 {Ftacnik} 18.
Nxg5 Rfe8 19. Rd3 $14) 18. Rxd8 Rxd8 19. Ne5 {Nikolic admitted that he
disliked his position so much here that he considered a full grovel with} (19.
Bxf6 Qxf6 20. Qxf6 gxf6 21. Rd1 {but not only is this distinctly unpalatable,
it would also remove any hope of black developing a disorder of the nerves.})
19... h6 20. Qc1 Ne4 {Everything goes forward smoothly. Black eyes d2 and f2,
and e5 is soon to come under control as well.} 21. Nd3 Rxd3 $4 {A
spectacularly stupid move, which was played after long thought which mainly
involved the calculation of variations that showed the sacrifice was unsound.
I still can't explain what made me do it... The reflex reaction here was} (
21... Bd6 {to set the center in motion, but while this is tempting, it has the
drawback of making black's dark-squared bishop inferior to white's. This is in
fact the key strategic theme here. While I was sitting around wasting my time,
Nikolic noticed that} 22. Rd1 $10) (21... Bd4 $1 {simply gives black a
gigantic edge. Black removes white's best piece, and takes even firmer control
of the d-file and center. I don't know exactly how to weigh black's advantage
here, but I would wager that Nikolic would beat himself with black here fairly
regularly. One sample variation we looked at is} 22. Bxd4 Rxd4 23. f3 (23. Rd1
e5 $15) 23... Rxd3 24. Bxd3 (24. fxe4 Rd8 25. exf5 exf5 $15) 24... Qc5+ 25. Kh1
Nf2+ 26. Rxf2 Qxf2 27. Bb1 {and now} Kf7 {and white's position is
excruciatingly passive.}) 22. Bxd3 {Black was hoping for a mating attack, but
once he fails white will be too much ahead in material.} Qh4 23. Qe1 $1 (23. g3
$2 {Ftacnik} Qh3 (23... Nxg3 24. Qc3 Nh5 $19) 24. Qe3 Ng5 $19) 23... Qg5 $2 (
23... Bd6 $5 24. g3 (24. h3 Qf4 25. g3 Qf3 26. Be2 Ng5) 24... Ng5 (24... Qh3
25. Bxe4 (25. f3 Bc5+ 26. Kh1 Ng5 (26... Bb4 {Ftacnik} 27. Qxb4 Nxg3+ 28. Kg1
Nxf1 29. Qe7 $16) 27. Be2) 25... Bxe4 26. f3 (26. f3 Bd3 $1 27. Qxe6+ Kh7 28.
Rf2 Bc5 $14)) 25. Qxe6+ $1 Nxe6 26. gxh4 Nf4 27. Rd1 Bf3 28. c5 $1 {Even
stronger than} (28. Bc2)) (23... Ng5 24. Qe5) 24. Kh1 $1 {Most efficient.} (24.
Bxe4 {Ftacnik} Bxe4 25. g3 e5 26. Qe2 $16) 24... Nd2 (24... Bd6 25. f3 $18) 25.
Qxe6+ Kf8 (25... Kh8 26. Rg1 $18) 26. Rg1 Ne4 27. Bxe4 Bxe4 28. Bd4 $1 (28. Bd4
$1 {Ftacnik} Bxd4 29. Qd6+ Kf7 30. Qxd4 $18) 1-0

[Event "Dresden zt 1.2"]
[Site "Dresden"]
[Date "1998.05.08"]
[Round "10"]
[White "Uhlmann, Wolfgang"]
[Black "Pavasovic, Dusko"]
[Result "0-1"]
[WhiteElo "2495"]
[BlackElo "2505"]
[Annotator "Tsesarsky,I"]
[PlyCount "54"]
[EventDate "1998.04.28"]
[EventType "swiss"]
[EventRounds "11"]
[EventCountry "GER"]
[SourceTitle "CBM 065"]
[Source "ChessBase"]
[SourceDate "1998.08.06"]
[SourceVersion "1"]
[SourceVersionDate "1998.08.06"]
[SourceQuality "1"]

1. c4 e6 2. Nc3 d5 3. d4 c6 4. e3 Nf6 5. Nf3 Nbd7 6. Qc2 Bd6 7. b3 O-O 8. Be2
a6 (8... e5 $6 9. cxd5 cxd5 10. Nb5 $14) 9. O-O e5 10. cxd5 cxd5 11. dxe5 Nxe5
12. Bb2 Be6 (12... Qc7 13. g3 Ne4 14. Rac1 Bh3 15. Nxe4 $2 (15. Rfd1 Rac8 (
15... Nxf2 $2 16. Ng5 $1 (16. Kxf2 Ng4+ 17. Kg1 Nxe3 18. Qd3 Nxd1 19. Nxd1 $132
) 16... Ned3 17. Bxd3 Nxd1 18. Rxd1 $18) 16. Qb1 $16) 15... Qxc2 16. Rxc2 Nxf3+
17. Bxf3 dxe4 18. Bg2 Bxg2 19. Kxg2 $11 {1/2-1/2 Karpman,V-Boidman,V/
Ukraina-chT Simferopol 1991 (21)}) (12... Bg4 13. Nxe5 Bxe5 14. Bxg4 Nxg4 15.
h3 Nf6 16. Rfd1 $14) 13. Rac1 (13. Rad1 Rc8 14. Qb1 Bg4 $1 15. Nxd5 $6 (15. Nd4
$10 {Kaidanov,G}) 15... Nxd5 16. Rxd5 Nxf3+ 17. gxf3 Be6 $1 18. Rh5 $8 (18. Rd4
Bh3 $17) 18... g6 19. Kh1 {= Hebert,J-Kaidanov,G/New York 1994}) (13. Rfd1 Rc8
14. Qd2 $6 (14. h3 $14) (14. Rac1 $14) 14... Neg4 $5 (14... Re8 15. Rac1 $14)
15. Qd3 (15. h3 $2 Nxf2 $1 $17) 15... Qc7 16. h3 $132 {1/2-1/2 Ivanov,J-Vera,R/
Anibal op4th 1997 (24)}) 13... Rc8 (13... Nc6 14. Qd1 Rc8 15. Nd4 Qc7 16. g3
Nxd4 17. Qxd4 Be5 18. Qb4 Qb8 19. Bf3 b5 20. Rfd1 $14 {1-0 Hansen,C-Hansen,L/
Vejle 1994 (42)}) (13... Qd7 14. Na4 Bf5 15. Qd1 Qe7 16. Qd4 Ned7 17. Nb6 Nxb6
18. Qxb6 $14 {Skembris,S-Gurevich,D/Beersheba 1993/0-1 (63)}) (13... Qe7 14.
Rfd1 Rad8 15. Nxe5 Bxe5 16. Na4 Bd6 17. Qc3 (17. Bf3 $14) (17. Bd4 Rc8 18. Qd3
$14) 17... d4 $1 18. Rxd4 Be5 19. Qc5 Qxc5 20. Nxc5 Bxd4 21. Bxd4 $44 {1/2-1/2
Leitao,R-Matsuura,E/ch-BRA, Rio de Janeiro BRA 1998 (25)}) 14. Qd2 (14. Qb1
Nfg4 15. Nxe5 (15. g3 $2 Qf6 $1 16. Nxe5 Bxe5 17. Na4 (17. Nxd5 Bxd5 18. Bxg4
Bxb2 $1 19. Rxc8 Rxc8 20. Bxc8 Qf3 $19) 17... Rxc1 18. Qxc1 Rc8 19. Qd2 b5 $17)
15... Nxe5 (15... Bxe5 16. Bxg4 (16. h3 Bh2+ 17. Kh1 Bb8 $5 18. Bxg4 Bxg4 19.
Qd3 Qd6 20. f4 Be6 $14) 16... Bxg4 17. Na4 Bb8 $132 {Portisch,L-Kasparov,G/
Dubai olm 1986/1/2-1/2 (71)} (17... Bd6 18. Rxc8 Bxc8 19. Qd3 $14)) 16. f4 $2 (
16. Rfd1 $5 Ng4 (16... Qh4 17. g3 $16) 17. g3 $1 Nxh2 $1 18. Nxd5 $1 (18. Kxh2
Qh4+ 19. Kg2 Qh3+ 20. Kg1 Bxg3 21. fxg3 Qxg3+ 22. Kh1 Rc6 $19) 18... Ng4 (18...
Rxc1 19. Qxc1 Ng4 20. Nf4 $16) 19. Nf4 $16) 16... Qb6 17. fxe5 Qxe3+ $17 {
0-1 Petursson,M-Ortega,L/Catania op 1994 (28)}) (14. Qd1 Ne4 15. Nd4 Qh4 16. g3
Qe7 17. Nxe6 Nxc3 18. Rxc3 fxe6 19. Rxc8 Rxc8 20. Qa1 Nd7 21. Rc1 Rxc1+ 22.
Qxc1 $14 {Sergeev,V-Drozdov,I/UKR-ch Kharkov 1988/1/2-1/2 (58)}) (14. Rfd1 $2
Ne4 15. Qb1 $6 Nxf3+ 16. Bxf3 Bxh2+ $1 17. Kf1 Nxc3 (17... f5 $2 18. Nxe4 fxe4
19. Bxe4 $132 {1/2-1/2 Dragomarezkij,E-Tal,M/Moscow4 1991 (33)}) 18. Bxc3 Qg5
$17) 14... Qe7 15. Nd4 (15. Rfd1 $14) 15... Bb8 16. Rc2 (16. Rfd1 Rfd8 17. Nxe6
$14) 16... Rfe8 17. Rfc1 Neg4 (17... Nc6 18. Nxc6 $14) 18. g3 $4 $17 (18. Bxg4
Nxg4 19. h3 $14) 18... Nxf2 $1 19. Nxe6 $2 $19 (19. Bf3 N2e4 20. Nxe4 Nxe4 21.
Bxe4 dxe4 22. Rxc8 Bxc8 (22... Rxc8 23. Nxe6 Rxc1+ 24. Bxc1 fxe6 (24... Qxe6
25. Qd8+) 25. Bb2 $15) 23. Qc3 Qf8 $17) (19. Kxf2 Rxc3 $19 {[%cal Gf6e4]})
19... Qxe6 20. Bf3 (20. Qd4 Be5 $19) 20... Nh3+ (20... N2e4 21. Nxe4 Rxc2 22.
Nxf6+ Qxf6 $3 23. Rxc2 Qxf3 $19) 21. Kh1 (21. Kg2 Ng5 $19) 21... Rcd8 (21...
Be5 $2 22. Nxd5 Rxc2 23. Rxc2 Bxb2 24. Rxb2 Nxd5 25. Bxd5 Qf6 $15 (25... Qxe3
26. Qxe3 Rxe3 27. Bxb7 $14)) 22. Ne2 (22. Nd1 Ne4 23. Qd4 Qh6 24. Kg2 Nhg5 $19)
22... Ne4 (22... Nf2+ 23. Kg1 N2g4 24. Bxf6 Nxf6 $19) 23. Qd4 Qh6 24. Bxe4 (24.
Kg2 Be5 25. Qa7 Bxb2 26. Rxb2 Nhg5 27. Bxe4 Nxe4 28. Qxb7 Qxe3 29. Rf1 Ng5 $19)
24... dxe4 25. Qc3 Nf2+ 26. Kg1 Nd3 27. Nf4 Be5 0-1

[Event "Dresden zt 1.2"]
[Site "Dresden"]
[Date "1998.05.06"]
[Round "8"]
[White "Uhlmann, Wolfgang"]
[Black "Soln, Primoz"]
[Result "1-0"]
[WhiteElo "2495"]
[BlackElo "2350"]
[Annotator "Tsesarsky,I"]
[PlyCount "65"]
[EventDate "1998.04.28"]
[EventType "swiss"]
[EventRounds "11"]
[EventCountry "GER"]
[SourceTitle "CBM 065"]
[Source "ChessBase"]
[SourceDate "1998.08.06"]
[SourceVersion "1"]
[SourceVersionDate "1998.08.06"]
[SourceQuality "1"]

1. c4 c6 2. d4 d5 3. Nf3 e6 4. e3 Nd7 5. Nc3 Ngf6 6. Qc2 Bd6 7. b3 O-O 8. Be2
Re8 9. O-O dxc4 10. bxc4 e5 11. a4 $5 (11. Rd1 Qe7 12. a4 $5 e4 13. Nd2 Nf8 (
13... h5 14. c5 Bc7 15. Ba3 Nf8 16. Nc4 Ng4 17. Nd6 Bxd6 (17... Qh4 18. Bxg4
Bxg4 19. Rdc1 $16) 18. cxd6 Qh4 19. Bxg4 hxg4 20. d5 $16 {0-1 Drasko
Milan-Lputian Smbat G/It open 1996 (41)}) 14. Qa2 $1 (14. a5 Ng4 15. g3 Bf5 16.
c5 Bc7 17. d5 Be5 (17... Qxc5 $2 18. Ba3 Nxe3 $8 19. Qc1 (19. fxe3 Qxe3+ 20.
Kh1 Bxa5 21. Bb2 Bxc3 22. Nc4 Qf2 23. Qxc3 f6 $132) 19... Qxa5 20. fxe3 Be5 21.
Bb2 $16) 18. d6 Qf6 19. Ra3 Nxh2 $1 (19... Qh6 20. Nf1 Nd7 $132) 20. Ncxe4 (20.
Kxh2 $2 Qh4+ 21. Kg2 (21. Kg1 Bxg3 22. fxg3 Qxg3+ $19) 21... Qh3+ 22. Kg1 Bxg3
23. Nf1 (23. fxg3 $19) 23... Be5 24. Rb3 Re6 $19) 20... Qh6 $13 (20... Qg6 21.
Kxh2 Bxg3+ 22. fxg3 Rxe4 23. Nxe4 Bxe4 24. Qb3 (24. Bd3 Qh5+ 25. Kg1 Qh1+ 26.
Kf2 Qg2+ 27. Ke1 Qxc2 28. Bxc2 Bxc2 29. Rd4 $16 {Goldstern,F-Simon,R/SWZ-chI
op 1992/1-0 (75)}) 24... Qh6+ 25. Kg1 Qh1+ 26. Kf2 Qg2+ 27. Ke1 Qxg3+ 28. Kd2
$18)) 14... Qc7 $5 (14... Ng4 15. h3 Nxf2 16. Kxf2 Qh4+ 17. Kg1 Bxh3 18. Ndxe4
$16) (14... Bg4 15. Ba3 Bxe2 16. Bxd6 Qxd6 17. Nxe2 Ng4 18. Ng3 $14) (14... Ng6
15. Ba3 Nh4 16. Bxd6 Qxd6 17. c5 $14 {/\ Nd2-c4}) 15. h3 $1 $14 {1-0 Seirawan,
Y-Lautier,J/Amsterdam 1996 (28)}) 11... Qe7 (11... exd4 12. exd4 Nf8 13. Rd1 (
13. Bg5 Bg4 14. Rad1 h6 15. Be3 Qe7 16. h3 Bh5 $132 {1-0 Volkov Sergey-Gagarin
Vasilij/Cup Russia (open) 1996 (30)}) 13... Ng6 14. h3 Nh5 15. c5 Be7 16. Bc4
Qc7 17. Re1 Nhf4 18. Ng5 Rf8 19. Rxe7 Nxh3+ 20. Nxh3 Qxe7 21. Bg5 $14 {1-0
Skembris,S-Nikolaidis,K/GRE-ch94 Glyfada 1995 (41)}) (11... e4 12. Nd2 Qe7 13.
c5 Bc7 14. Ba3 Nf8 15. Nc4 Nd5 16. Nd6 Bxd6 17. cxd6 Qg5 18. Nxd5 cxd5 19. Qc7
Bh3 20. g3 Bxf1 (20... Bg4 $2 21. Bxg4 Qxg4 22. Qxb7 $16 {1-0 Lempert,I-Polgar,
S/Bled op 1994 (63)}) 21. Bxf1 Reb8 $44) 12. a5 (12. Rb1 e4 13. Nd2 Nf8 14. f3
exf3 15. Nxf3 c5 16. Bd3 Ng6 $11 {0-1 Rogoff,K-Mednis,E/USA (ch) 1978 (29)})
12... a6 13. Re1 (13. Bb2 $5) (13. c5 $5 Bc7 14. Bc4 exd4 15. exd4 Nf8 16. Re1
Be6 (16... Qxe1+ 17. Nxe1 Rxe1+ 18. Bf1 Bxh2+ 19. Kxh2 Rxf1 20. f3 $14) 17. Bg5
Qd7 (17... h6 18. d5 cxd5 19. Nxd5 Qxc5 20. Be3 Qc6 21. Nd4 Qd7 22. Nxf6+ gxf6
23. Nxe6 fxe6 24. Bxh6 $16) 18. Bxe6 (18. Bxf6 Bxc4 19. Be5 $11) 18... Rxe6 19.
Rxe6 fxe6 (19... Qxe6 20. Re1 Qc4 21. Bxf6 gxf6 22. Ra1 Re8 23. Qd2 Ng6 24. g3
$14) 20. Bxf6 gxf6 21. Ne4 $14) 13... c5 $5 (13... e4 14. Nd2 c5 15. Nf1 $14)
14. dxc5 (14. Ba3 e4 15. Nd2 cxd4 16. Bxd6 Qxd6 17. exd4 Qxd4 $15) 14... Nxc5
15. e4 (15. Ba3 e4 16. Nd4 Qe5 17. g3 $11) 15... Bg4 16. Bg5 (16. Nd5 Qd8 17.
h3 Bd7 18. Bf1 Rc8 $11) 16... Bxf3 $6 $14 (16... Qe6 $11) 17. Bxf3 Qe6 18. Nd5
(18. Red1 $14) 18... Nxd5 $6 $16 (18... Nfd7 19. Red1 f6 20. Be3 $14) 19. cxd5
Qg6 20. Be3 Rec8 21. Rec1 Rc7 22. Qb1 Rac8 23. Ra2 Bf8 $6 (23... Be7 24. Rac2
$16 (24. Rb2 Bg5 25. Rxc5 Rxc5 26. Bxc5 Rxc5 27. Rxb7 Qd6 28. Rb8+ Bd8 29. Be2
$16)) (23... Qf6 24. Bg4 $18) 24. Rac2 Qd6 $2 $18 (24... Bd6 $16) 25. Qb6 f5
26. exf5 e4 (26... Qf6 27. Qxf6 gxf6 28. g4 Bd6 29. Rb1 $18) 27. Bxe4 Qe5 28.
Bf3 (28. Bxc5 Rxc5 29. Qe6+ Qxe6 30. fxe6 Rxc2 31. Rxc2 Rxc2 32. Bxc2 Bb4 33.
f4 (33. Kf1 Kf8 34. Bxh7 Ke7 35. Ke2 Kd6 36. Be4 Bxa5 37. Kd3 b5 38. h4 Be1 39.
Ke2 Bc3 40. f4 a5 41. Kd3 Bf6 42. h5 a4 $17) 33... h6 34. Kf2 Kf8 35. Ke3 Ke7
36. h4 Bxa5 37. g4 b5 38. Bd3 Kd6 39. Ke4 Bd8 40. h5 Kc5 41. Ke5 Bf6+ 42. Kf5
Kxd5 43. g5 Be7 44. Kg6 hxg5 45. f5 g4 46. Kxg7 g3 47. Bf1 b4 48. f6 Kxe6 49.
Bh3+ Kd6 50. fxe7 Kxe7 51. h6 b3 52. h7 b2 53. h8=Q b1=Q 54. Qf8#) 28... Bd6
29. g3 Nd3 30. Rxc7 Bxc7 31. Qxb7 Re8 32. Qxc7 Nxc1 33. Qxc1 1-0

[Event "RUS-Cup07"]
[Site "Tomsk"]
[Date "1998.07.15"]
[Round "1"]
[White "Tregubov, Pavel V"]
[Black "Filippov, Valerij"]
[Result "0-1"]
[WhiteElo "2560"]
[BlackElo "2595"]
[Annotator "Tsesarsky,I"]
[PlyCount "54"]
[EventDate "1998.07.15"]
[EventType "swiss"]
[EventRounds "9"]
[EventCountry "RUS"]
[SourceTitle "CBM 067"]
[Source "ChessBase"]
[SourceDate "1998.11.30"]
[SourceVersion "2"]
[SourceVersionDate "1998.11.01"]
[SourceQuality "1"]

{[%mdl 96]} 1. d4 d5 2. c4 e6 3. Nc3 c6 4. e3 Nf6 5. Nf3 Nbd7 6. Qc2 Bd6 7. a3
O-O (7... a5 8. b3 Qe7 9. Bb2 O-O 10. Be2 dxc4 11. bxc4 e5 12. O-O $14 {
1-0 Dao Thien Hai-Freijedo Alvarez,S/Oviedo 1993/EXP 38 (53)}) 8. Bd3 (8. Bd2
a6 (8... Re8 9. Be2 dxc4 10. Bxc4 e5 11. Ng5 Re7 12. Nce4 Nxe4 13. Nxe4 Bc7 14.
Ng5 Nf6 15. Bb4 $14 {0-1 Sämisch,F-Novotny,O/Prague 1943 (41)}) 9. Be2 dxc4 10.
Bxc4 c5 11. dxc5 Bxc5 $11 {1/2-1/2 Fries Nielsen,J-Whiteley,A/Stavanger op
1991/EXT 91op (14)}) (8. Be2 e5 (8... Qe7 9. O-O e5 10. dxe5 Nxe5 11. cxd5 cxd5
12. Rd1 Bg4 13. Nd4 Rac8 14. Bxg4 Nexg4 15. h3 $14 {1-0 Thorhallsson,T-Knox,V/
Oakham 1994/EXT 94 (29)}) (8... dxc4 9. Bxc4 b5 10. Ba2 Bb7 11. e4 c5 12. e5
cxd4 13. exf6 dxc3 14. fxg7 Re8 15. Ng5 Nf6 $132 {0-1 Agrest,E-Sopur,L/
Miedzybrodzie 1991/TD 91\08 (31)}) 9. cxd5 cxd5 10. Nb5 Bb8 11. dxe5 Nxe5 12.
Bd2 Ne4 13. Nbd4 $14 {0-1 Hofman,R-Ligterink,G/Open, Hoogeveen NED 1997 (23)})
(8. cxd5 exd5 9. Bd3 Re8 10. Bd2 Qe7 $11 {0-1 Tataev,M-Rodin,M/Moscow op
Russian Winter 1991/TD 91\03 (29)}) (8. b4 e5 (8... dxc4 9. Bxc4 e5 10. h3 Qe7
11. O-O e4 12. Nd2 Nb6 13. Bb3 Bf5 14. Bb2 Rae8 $132 {1-0 Marzolo,C-Cosma,E/
Chambery 1998 (40)}) (8... Qe7 9. Bb2 dxc4 10. Bxc4 e5 (10... b5 11. Bd3 a5
$132 {1/2-1/2 Kunin,V-Korobov,A/Eu Youth bu16, Mureck AUT 1998 (61)}) 11. Be2
Re8 12. O-O e4 13. Nd2 Nb6 14. Rfe1 Bf5 15. Nf1 (15. b5 Rac8 16. Rec1 cxb5 (
16... Bg4 $2 17. Ndxe4 $1 $16 {1/2-1/2 Malaniuk,V-Iskusnyh,S/Russian Club Cup,
Maikop RUS 1998 (38)}) 17. Bxb5 Red8 18. h3 Qe6 $132) 15... h5 $132 {1/2-1/2
Dao Thien Hai-Lukacs,P/Budapest FS02 GM 1994/CBM 40 (21)}) 9. cxd5 cxd5 10. Nb5
Bb8 11. dxe5 Nxe5 12. Bb2 Qe7 (12... Re8 13. Rc1 Nc6 14. Nbd4 $14 {1-0
Malaniuk,V-Makarov,M/URS-ch58 Moscow 1991/URS-ch (64)}) 13. Rc1 (13. Qc5 Qxc5
14. bxc5 $14 {1/2-1/2 Kogan,A-Novikov,I/Invitational, Rishon LeZion ISR 1998 
(21)}) 13... Nxf3+ 14. gxf3 Be5 15. Bxe5 Qxe5 16. Qc3 Qh5 $132 {1/2-1/2 Dao
Thien Hai-Kasimdzhanov,R/WchJM-U16 Bratislava 1993/TD 93\05 (32)}) 8... e5 (
8... h6 9. O-O b6 10. b4 dxc4 11. Bxc4 Bb7 12. Rb1 Rc8 13. h3 $14 {0-1
Pingitzer,H-Tjhin,I/Matinhos 1994 (42)}) 9. cxd5 (9. dxe5 Nxe5 10. Nxe5 Bxe5
11. cxd5 cxd5 12. f4 Bc7 13. O-O Re8 $15 {1/2-1/2 Simonson,A-Horowitz Israel
Albert/New York 1933 (53)}) 9... cxd5 10. dxe5 (10. Nb5 Bb8 11. dxe5 Nxe5 12.
Nxe5 Bxe5 13. Bd2 a6 14. Nc3 b5 15. O-O-O Qb6 16. Kb1 Bd7 17. Bf5 $132 {
1-0 Efimov,I-Thallinger,H/Montecatini Terme op 1995/EXT 95op (41)}) 10... Nxe5
11. Nd4 (11. Nxe5 Bxe5 12. Bd2 (12. O-O Be6 (12... Bxh2+ $2 13. Kxh2 Ng4+ 14.
Kg3 (14. Kg1 $2 Qh4 15. Re1 Qh2+ 16. Kf1 Qh1+ 17. Ke2 Qxg2 18. Kd2 (18. Nd1 Ne5
19. Kd2 Nf3+ 20. Ke2 Bg4 21. Qa4 b5 $1 $19) 18... Nxf2 19. Bxh7+ Kh8 20. Ne2 g6
21. Rg1 Ne4+ 22. Kd1 Qh2 $19) 14... Qd6+ (14... Qg5 15. Bxh7+ Kh8 16. f4 $18)
15. f4 $18) 13. Bd2 Rc8 14. Rac1 d4 15. exd4 Qxd4 $11)) 11... Re8 12. h3 $6 $15
(12. Be2 Bg4 13. Bxg4 Nexg4 14. h3 Ne5 15. O-O Rc8 $132) 12... Nxd3+ 13. Qxd3
Ne4 14. Nf3 (14. O-O Qg5 15. Nf3 Qg6 16. Qxd5 Bxh3 17. Nh4 Nxc3 18. bxc3 Qe6
$17) 14... Nc5 (14... Nxc3 15. Qxc3 Bf5 16. O-O Be4 17. Nd4 Qg5 18. f3 Bg6 19.
f4 Qg3 20. Ne2 Qh4 21. f5 Bh5 22. Nf4 Rac8 23. Qb3 Bxf4 24. Rxf4 Qg3 25. Bd2 d4
$5 26. Re1 (26. exd4 Qxb3 $19) (26. Rxd4 Bf3 $19) 26... Rcd8 27. Qd3 h6 (27...
dxe3 28. Rxe3 $11) 28. Re4 $11) 15. Qd1 $6 (15. Qxd5 Be6 16. Qd1 (16. Qg5 Qxg5
17. Nxg5 Bc4 $17) 16... Bc4 $17) (15. Qc2 Be6 16. O-O Rc8 $15) 15... Bf5 16.
O-O (16. Qxd5 Be6 $17) 16... Be4 17. Nb5 (17. Nxe4 dxe4 18. Nd4 Qg5 $15) 17...
Be7 18. Nbd4 (18. Nfd4 Bf6 $15) 18... Qb6 {[%csl Rb3]} (18... Rc8 $15) 19. b4 (
19. Nd2 Bf6 20. Nxe4 dxe4 $17) 19... Nd3 20. Bd2 $6 (20. Ne1 Nxe1 (20... Ne5 $2
21. f3 Bg6 22. f4 Nc4 23. f5 $18) 21. Rxe1 Qg6 22. f3 Bd3 $15) 20... Rac8 21.
Nh2 (21. Qa4 Nb2 (21... Bf6 22. Ra2 Red8 $15) 22. Qd7 Nc4 23. Rfd1 Bf6 24. Ra2
a6 $17) 21... Nb2 22. Qb3 $6 $17 (22. Qg4 Nc4 23. Rfc1 $1 h5 24. Qd1 Qg6 25.
Nhf3 $15) 22... Nc4 23. Ra2 (23. Rfd1 Bf6 (23... Qg6 $6 24. f3 Bd3 25. Ng4 Bg5
26. Bc1 Bf5 (26... Nxe3 27. Qxd3 Qxd3 28. Rxd3 Rxc1+ 29. Rxc1 Nxg4 30. Rdc3 (
30. Rcd1 Be3+ $17) 30... Bxc1 (30... Bf6 31. Rd3 Bg5 32. Rdc3 $1) 31. Rxc1 Nf6
32. Rc7 $44) 27. Nxf5 Qxf5 28. Qd3 Qxd3 29. Rxd3 h5 30. Rxd5 hxg4 31. Rxg5 gxf3
32. gxf3 Nxe3 33. Bb2 (33. Bxe3 Rxe3 34. Kf2 Rcc3 $17) 33... g6 $15) 24. Bc1 (
24. Ng4 Bxd4 25. exd4 Qg6 $19) (24. Bc3 Bxd4 25. Bxd4 Qg6 $19 {[%csl Rg2][%cal
Ge4c2]}) 24... Bxd4 25. Rxd4 Qg6 26. f3 Bc2 27. Qa2 Bf5 28. g4 Be6 29. Qe2 Rc7
$17 (29... Qh6 30. Kg2)) 23... Qg6 24. f3 $2 $19 (24. Nhf3 Bf6 25. b5 Bxd4 (
25... Rc5 26. a4 a5 $17) 26. exd4 Qf6 27. Bb4 a5 28. bxa6 bxa6 $17) 24... Bd3
25. Re1 (25. Rc1 Bg5 26. Ng4 h5 27. Nf2 Bxe3 28. Bxe3 Rxe3 $19) 25... Bh4 26.
Rea1 Nxe3 27. Bxe3 Bc4 0-1